000 00542nam a22001817a 4500
999 _c11615
_d11615
003 AR-CdUCM
008 190404b ||||| |||| 00| 0 spa d
040 _aMUNICIPALIDAD PROVINCIAL DEL CUSCO
_cBIBLIOTECA MUNICIPAL DEL CUSCO
082 _a869.335 /
_bC59 / 1938
110 _aClaridad
_929070
245 _a180 poemas de los niños de la escuela de Jesualdo /
260 _aBuenos Aires :
_bClaridad,
_c1938.
300 _a126 páginas ;
_c18.5 cm.
505 _aPoemas.
650 _aPoemas.
_9929
942 _2ddc
_cLIBROS
945 _awfj